000 00337nam a2200133Ia 4500
005 20260328101452.0
008 260328s9999||||xx |||||||||||||| ||und||
100 _aKostof, Spiro
245 0 _aEl Arquitecto :
_b Historia de una profesión /
_cSpiro Kostof
260 _bCátedra
300 _a319 p.
650 _aARQUITECTOS
942 _cBK
999 _c8700
_d8700